|
|
|
|
| LEADER |
00000nam a2200000 a 4500 |
| 001 |
vtls001518238 |
| 003 |
SK-MaSNL |
| 005 |
20260302073905.0 |
| 008 |
240314s2004 xo a g af 000 0dslo |
| 015 |
|
|
|a SNBA2005/07-02616
|
| 020 |
|
|
|a 8096927396
|q (brož.)
|
| 040 |
|
|
|a SNK
|b slo
|c SNK
|e AACR2
|
| 041 |
0 |
|
|a slo
|b eng
|b ger
|b pol
|b hun
|
| 043 |
|
|
|a e-xo---
|
| 072 |
|
7 |
|a 72
|x Architektúra
|2 konspekt
|
| 080 |
|
|
|a 94(437.67)
|2 MDT-MRF
|
| 080 |
|
|
|a (036)
|2 MDT-MRF
|
| 080 |
|
|
|a 728.81
|2 MDT-MRF
|
| 100 |
1 |
|
|a Baráthová, Nora,
|d 1944-
|4 aut
|9 163499
|
| 245 |
1 |
0 |
|a História kežmarského hradu
|c Nora Baráthová
|
| 250 |
|
|
|a [1. vyd.]
|
| 260 |
|
|
|a V Kežmarku
|b Múzeum
|c 2004
|
| 300 |
|
|
|a 61 s.
|b fotogr.
|c 21 x 30 cm
|
| 504 |
|
|
|a Bibliografia s. 61
|
| 546 |
|
|
|a Res. v angl., nem., poľ. a maďar.
|
| 610 |
2 |
7 |
|a Kežmarský hrad
|2 SNKPH
|9 165013
|
| 650 |
0 |
7 |
|a hrady
|2 SNKPH
|9 3039
|
| 651 |
|
7 |
|a Kežmarok (Slovensko)
|2 SNKPH
|9 26808
|
| 655 |
|
7 |
|a informačné publikácie
|2 SNKPH
|9 70181
|
| 752 |
|
|
|a Slovensko
|d Kežmarok
|
| 919 |
|
|
|a 80-969273-9-6
|
| 958 |
|
|
|a OND
|
| 968 |
|
|
|d 71/72
|
| 999 |
|
|
|c 1162750
|d 1164680
|
| 952 |
|
|
|a SNK
|b SNK
|y PREZ
|7 0
|p 17A0460278
|o snkSC 119236
|i snk2005/3499
|8 0
|0 0
|1 0
|4 0
|d 2005-03-08
|l 0
|r 2025-05-28 00:00:00
|w 2026-02-24
|
| 952 |
|
|
|a SNK
|b SNK
|y VYP
|7 0
|p 17A0460279
|o snkSC 119236 D1
|i snk2005/3501
|8 0
|0 0
|1 0
|4 0
|d 2005-03-08
|l 0
|r 2026-02-24 20:38:45
|w 2026-02-24
|